Normal view
MARC view
- حياة الصحابة-عمرو بن العاص
Entry Topical Term
001 - CONTROL NUMBER
- control field: 13603
003 - CONTROL NUMBER IDENTIFIER
- control field: JO-AjAnu
005 - DATE AND TIME OF LATEST TRANSACTION
- control field: 20230606072456.0
008 - FIXED-LENGTH DATA ELEMENTS
- fixed length control field: 230606|| aca||aabn | a|a d
040 ## - CATALOGING SOURCE
- Original cataloging agency: JO-AjAnu
- Transcribing agency: JO-AjAnu
150 ## - HEADING--TOPICAL TERM
- Topical term or geographic name entry element: حياة الصحابة-عمرو بن العاص
670 ## - SOURCE DATA FOUND
- Source citation: Work cat.: (JO-AjAnu)6997: شلبي،محمود, author 13602, حياة عمرو بن العاص:فاتح فلسطين ومصر وشمال افريقيا والسودان